|
|
|
|
| LEADER |
01366nam a2200265 i 4500 |
| 001 |
10022546 |
| 003 |
GR-PaULI |
| 005 |
20250315063447.0 |
| 008 |
990608s1999 us a g 1 eng d |
| 952 |
|
|
|0 0
|1 0
|2 ddc
|4 0
|6 Π_621_367000000000000_RUS
|7 0
|9 187114
|a LISP
|b LISP
|c REF
|d 2016-04-24
|i 044366
|l 0
|o Π 621.367 RUS
|p 025000057921
|r 2016-04-24 00:00:00
|t 1
|v 2016.00
|w 2016-04-24
|y BKN
|
| 952 |
|
|
|0 0
|1 0
|2 ddc
|4 0
|6 Π_621_367000000000000_RUS
|7 0
|9 187115
|a LISP
|b LISP
|c REF
|d 2016-04-24
|i 061840
|l 0
|o Π 621.367 RUS
|p 025000084378
|r 2016-04-24 00:00:00
|t 2
|v 2016.00
|w 2016-04-24
|y BK15
|
| 952 |
|
|
|0 0
|1 0
|2 ddc
|4 0
|6 Π_621_367000000000000_RUS
|7 0
|9 359456
|a LISP
|b LISP
|c REF
|d 2022-04-28
|i 044365
|l 0
|o Π 621.367 RUS
|p 025000291434
|r 2022-04-28 00:00:00
|t 3
|v 2022.00
|w 2022-04-28
|y BKN
|
| 999 |
|
|
|c 115412
|d 115412
|
| 020 |
|
|
|a 0849325161
|
| 040 |
|
|
|a GR-PaULI
|c GR-PaULI
|b gre
|e AACR2
|
| 082 |
0 |
4 |
|a 621.367
|2 23
|
| 100 |
1 |
|
|a Russ, John C.
|9 106638
|e συγγραφέας.
|
| 245 |
1 |
4 |
|a The image processing handbook /
|c John C. Russ.
|
| 250 |
|
|
|a 3nd ed.
|
| 260 |
|
|
|a Boca Raton :
|b CRC,
|c 1999.
|
| 300 |
|
|
|a 771 σ. :
|b εικ. ;
|c 26 εκ.
|
| 504 |
|
|
|a Περιλαμβάνει βιβλιογραφικές παραπομπές και ευρετήριο.
|
| 650 |
|
0 |
|a Επεξεργασία εικόνας
|x Ψηφιακές τεχνικές
|9 1036
|
| 942 |
|
|
|2 ddc
|c BKN
|
| 998 |
|
|
|c ΜΠΟΥΡΑΣ
|d 2020-08
|